| 000 | 00366nam a2200133Ia 4500 | ||
|---|---|---|---|
| 005 | 20260328104249.0 | ||
| 008 | 260328s9999||||xx |||||||||||||| ||und|| | ||
| 100 | _aSembach, Klaus-Jürgen | ||
| 245 | 0 |
_aModern furniture Designs 1950-1980 / _cKlaus-Jürgen Sembach |
|
| 260 | _bSchiffer | ||
| 300 | _a309 p. | ||
| 650 | _aDISEÑO INDUSTRIAL - ELEMENTOS | ||
| 942 | _cBK | ||
| 999 |
_c10192 _d10192 |
||